000 00762nam a22002297a 4500
999 _c19738
_d19738
003 AR-CdUCM
008 190226b ||||| |||| 00| 0 spa d
040 _aMUNICIPALIDAD PROVINCIAL DEL CUSCO
_cBIBLIOTECA MUNICIPAL DEL CUSCO
041 _heng
082 _a301.304 /
_bS47
100 _aShils, Edward
_94174
245 _aLos intelectuales y el poder /
260 _aArgentina :
_bEdiciones tres tiempos;
_c1976.
300 _a143 paginas ;
_c20 cm.
505 _aContenido: Los intelectuales y los factores de poder -- Ideología -- Ideología y civilidad...
650 _aIntelectuales
_93971
650 _aSociedad
_953
650 _aCultura
_9126
700 _aSetaro, Flora (traducción)
_94175
942 _2ddc
_cLIBROS
945 _adavv
_d2019-05-21